000 00816nas a2200241 i 4500
001 185
003 ES-MaACL
005 20250901102117.0
007 t|
008 950801d18791913it | | 1 ||ta d
022 _a1592-2189
080 _a45
245 0 0 _aAnnali dell'industria e dell commercio /
_cMinistero di Agricoltura, Industria e Commercio, Direzione dell'Industria e dell Commercio.
260 _aRoma :
_bMinistero di Agricoltura, Industria e Commercio, Direzione dell'Industria e dell Commercio,
_c1879-1913 (
_fTip. Eredi Botta)
300 _a1 v. ;
_c23 cm.
310 _aAnual
362 1 _a1879-1913.
650 1 7 _aComercio
_2embne
_911157
710 1 _aItalia.
_bDirezione dell'Industria e dell Comercio.
_95308
852 _aES-MaACL
_jHem-685
866 0 _o1883-84.
999 _c185
_d185